| 000 | 01122nam a2200289Ia 4500 | ||
|---|---|---|---|
| 001 | B3151 | ||
| 003 | IT-RoPAU | ||
| 008 | 130308s9999 xx 000 0 und d | ||
| 040 | _aIT-RoPAU | ||
| 040 | _cIT-RoPAU | ||
| 041 | _aFRANCESE | ||
| 100 | _aLoiseau Yves | ||
| 100 | _gCodice Aut. SPICS: 37454 | ||
| 245 | _aJournalisme (Le) | ||
| 245 | _bJournalisme (Le) | ||
| 250 | _a1a ed. | ||
| 260 | _aALLEUR (BELGIQUE) | ||
| 260 | _bMarabout | ||
| 260 | _c1991 [1° Ed.:1991 - Ed.Ling.Originale:1991] | ||
| 300 | _a"98 p. (prefazione: no ; testo: 98 [pagine: 0-0])" | ||
| 500 | _aGiornalismo. Note Storiche: Primi passi della Stampa, Censura, PubblicitĂ , Radio Televisione e Audiovisivo, Apparizione del cavo e Satellite, Giornalismo e suo Ruolo. Diritto in materia di Stampa: legge del 1881, 1981 e vari Decreti, Carte e Convenzioni. Giornalismo: Piu' mestieri Insieme. Come Diventare Giornalista: Scuole Riconosciute o Meno. Annuario della Stampa in Francia. Bibliografia. | ||
| 650 | _aENCICLOPEDIE DI GIORNALISMO | ||
| 650 | _eCodice materia Spics: 7051 | ||
| 942 | _cBK | ||
| 957 | _71 | ||
| 999 |
_c94760 _d94760 |
||
| 999 | _g1 | ||